000 00490nam a2200145 a 4500
001 000033973
005 20240305141307.0
008 110915s1960 dr 000 0 spa d
040 _aDO-SdBNP
_bspa
_cBNPHU
082 _axxx
100 1 _aSánchez Lamouth, Juan,
_d1929-1968
_920547
245 1 0 _aCanto a la provincia Trujillo :
_b(y otros poemas) /
_cJuan Sánchez Lamouth.
260 _a[Ciudad Trujillo, República Dominicana] :
_b[Editora del Caribe],
_c[1960].
300 _a216 p. ;
_c23 cm.
999 _c33464
_d33464